Hawaiian Islands Pick 'Em Quiz Stats

 Plays Quiz Updated Mar 14, 2013

Challenge
Share
Tweet
Embed
Score 0/8 Timer 02:00
5 Plays Today
% Correct
Maui
92.6%
Oʻahu
91.8%
Hawaiʻi
89.6%
Kauaʻi
85.2%
Molokaʻi
71.6%
Lānaʻi
68%
Niʻihau
45.4%
Kahoʻolawe
45%

You're not logged in!

Compare scores with friends on all Sporcle quizzes.
OR
Log In

You Might Also Like...

Show Comments

Extras

Top Quizzes Today


Score Distribution

Your Account Isn't Verified!

In order to create a playlist on Sporcle, you need to verify the email address you used during registration. Go to your Sporcle Settings to finish the process.

Report this User

Report this user for behavior that violates our Community Guidelines.

Details: